Statistics for Famous People Born in September

Click here to take the quiz!

General Stats

  • This quiz has been taken 101 times
  • The average score is 32 of 73

Answer Stats

Answer% Correct
Jada Pinkett Smith
86%
Serena Williams
86%
Will Smith
86%
Amy Winehouse
81%
Christopher Reeve
78%
Pink
78%
Catherine Zeta-Jones
72%
Tommy Lee Jones
72%
Adam Sandler
69%
Bernie Sanders
69%
Beyonce Knowles
69%
Colonel Sanders
69%
Gwyneth Paltrow
67%
Hugh Grant
67%
Ray Charles
67%
Bill Murray
64%
Freddie Mercury
64%
Michael Douglas
64%
Charlie Sheen
61%
Keanu Reeves
58%
Avril Lavigne
56%
Dr. Phil
56%
Lance Armstrong
56%
Louis C.K.
56%
Salma Hayek
56%
Lil Wayne
50%
Michael Keaton
50%
William Howard Taft
50%
Colin Firth
47%
Jason Alexander
47%
Mark Hamill
47%
Olivia Newton-John
47%
Amy Poehler
44%
Bob Newhart
44%
Hilary Duff
44%
Jimmy Fallon
44%
Paul Walker
44%
Bruce Springsteen
42%
Jeremy Irons
42%
Arnold Palmer
39%
Jennifer Hudson
39%
John Ritter
39%
Jonathan Taylor Thomas
39%
Mickey Rooney
39%
Jeff Foxworthy
36%
Joan Jett
36%
Moby
36%
Stephen King
36%
Tyler Perry
36%
Mickey Rourke
33%
Adam West
31%
Tom Hardy
31%
Molly Shannon
28%
Jim Henson
25%
Johnny Appleseed
25%
Samuel Adams
25%
Michelle Duggar
22%
Roald Dahl
22%
Ryan Phillippe
22%
Kevin Clash
19%
Jennifer Tilly
17%
Madeline Kahn
17%
Zachary Levi
17%
Bonnie Hunt
14%
Charles Martinet
14%
Elie Wiesel
14%
Hans Zimmer
11%
John DiMaggio
11%
Phil Hartman
11%
Edgar Rice Burroughs
8%
Julie Kavner
8%
June Foray
8%
Steve Whitmire
8%

Score Distribution

Percentile by Number Answered

Percent of People with Each Score

Your Score History

You have not taken this quiz